000
00223 a2200097 4500
001
38423
100
_a
Vears R
245
_a
Microelectronic systems
260
_a
G Br
_b
Butter worth Heinmann
_c
1996
090
_c
24409
_d
24409
942
_a
NUST-CAE
_c
M
_c
16013
999
_c
273496
_d
273496